Métodos y modelos de investigación de operaciones
Αποθηκεύτηκε σε:
| Κύριος συγγραφέας: | |
|---|---|
| Μορφή: | Άγνωστο |
| Γλώσσα: | Αγγλικά |
| Έκδοση: |
México D.F., México.
Limusa,
2004
|
| Θέματα: | |
| Ετικέτες: |
Προσθήκη ετικέτας
Δεν υπάρχουν, Καταχωρήστε ετικέτα πρώτοι!
|
MARC
| LEADER | 00000 a2200000 4500 | ||
|---|---|---|---|
| 003 | CL-VaPUC | ||
| 005 | 20211125122452.0 | ||
| 008 | 211109b2004 ||||| |||| 00| 0 eng d | ||
| 999 | |c 433707 |d 433705 | ||
| 020 | |a 9681805909 v.1 | ||
| 040 | |c Pontificia Universidad Católica de Valparaíso | ||
| 082 | |a 001.42 PRA 2004 | ||
| 100 | 1 | |a Prawda Witenberg, Juan |9 432073 |e author | |
| 245 | 1 | |a Métodos y modelos de investigación de operaciones | |
| 260 | |a México D.F., México. |b Limusa, |c 2004 | ||
| 300 | |a 2 volúmenes | ||
| 505 | |a v.I. Modelos determinísticos | ||
| 583 | |k Cristina María Rojas Aguilar |c 20211109 | ||
| 650 | 0 | |a Métodos de investigación |9 262618 | |
| 650 | 0 | |a Investigación de operaciones |9 356906 | |
| 650 | 0 | |a Programación lineal |9 23 | |
| 650 | 0 | |a Programación dinámica |9 324757 | |
| 942 | |2 ddc |c BK | ||
| 952 | |0 0 |1 0 |2 ddc |4 0 |6 001_420000000000000_PRA_2004 |7 0 |8 A |9 579208 |a BIBGIM |b BIBGIM |d 2021-11-09 |e 59 |g 102529.71 |h v.I |i 5625718 |l 1 |o 001.42 PRA 2004 |p 5625718 |r 2025-01-15 |s 2022-06-07 |t 1 |v 102529.71 |w 2021-11-09 |y BK |k EST | ||